Dino-Matemáticas 4to. curso / (Registro nro. 9753)

Detalles MARC
000 -LIDER
fixed length control field 01284nam a22003137a 4500
001 - NÚMERO DE CONTROL
Identificador de número de control 00187
003 - IDENTIFICACDOR DE NÚMERO DE CONTROL
control field DO-SdBNP
005 - DATE AND TIME OF LATEST TRANSACTION
control field 20180417082949.0
007 - CAMPOS FIJOS DE DESCRIPCIÓN FÍSICA
fixed length control field 00187
008 - ELEMENTOS DE LONGITUD FIJA
fixed length control field 160413b dr 200?||||| |||| 00| 0 spa d
040 ## - FUENTE DE CATALOGACIÓN
Agencia que crea de manera original el registro BPMSU
Idioma de catalogación spa
Agencia que realiza la transcripción BPMSU
092 ## - LOCALLY ASSIGNED DEWEY DECIMAL CALL NUMBER
Número de clasificación 372.7
Número de ítem (Cutter) R119d 4to. 2001
100 1# - ASIENTO PRINCIPAL -- NOMBRE PERSONAL
Nombre personal Rachadell Portillo, Natalia de
245 10 - MENCIÓN DE TITULO
Título Dino-Matemáticas 4to. curso /
Mención de responsabilidad Natalia Rachadell de Portillo, Rocío Sesto de Peigney
260 ## - PUBLICACIÓN, DISTRIBUCIÓN, ETC. (PIE DE IMPRENTA)
Lugar de publicación, distribución, etc Santo Domingo :
Nombre del editor, distribuidor, etc. Secretaría de Estado de Educación,
Fecha de publicación, distribución, etc 200?.
300 ## - DESCRIPCIÓN FÍSICA
Extensión 189 p. :
Otros detalles físicos il.,
Dimensiones 28 cm.
500 ## - NOTA GENERAL
Nota general Plan decenal de educación
505 ## - NOTA DE CONTENIDO
Título Dino-número-saurios --
-- Dino-adición --
-- Dino-sustracción --
-- Dino-multiplicación --
-- Dino-división --
-- Dino-cocktail de operaciones --
-- Dino-fracciones --
-- Dino-decimales --
-- Dino-geometría --
-- Dino-gráficas --
-- Dino-medición
650 ## - ENCABEZAMIENTO DE MATERIA--TEMÁTICO
Término temático o nombre geográfico como elemento de entrada MATEMÁTICAS
Subdivisión temática general ENSEÑANZA BÁSICA
650 ## - ENCABEZAMIENTO DE MATERIA--TEMÁTICO
Término temático o nombre geográfico como elemento de entrada MATEMÁTICAS
Subdivisión temática general EDUCACIÓN PRIMARIA
650 ## - ENCABEZAMIENTO DE MATERIA--TEMÁTICO
Término temático o nombre geográfico como elemento de entrada MATEMÁTICAS
Subdivisión temática general LIBROS DE TEXTOS
650 #4 - ENCABEZAMIENTO DE MATERIA--TEMÁTICO
Término temático o nombre geográfico como elemento de entrada MATEMÁTICAS
Subdivisión temática general ESTUDIOS Y EJERCICIOS
650 #4 - ENCABEZAMIENTO DE MATERIA--TEMÁTICO
Término temático o nombre geográfico como elemento de entrada EDUCACIÓN PRIMARIA
Subdivisión geográfica REPÚBLICA DOMINICANA
700 12 - ASIENTO SECUNDARIO -- NOMBRE PERSONAL
Nombre personal Sesto de Peigney, Rocío,
910 ## - VALIDACIÓN
Validación Validado. Control de calidad MFF
942 ## - ADDED ENTRY ELEMENTS (KOHA)
Source of classification or shelving scheme Dewey Decimal Classification
Koha item type Libros
945 ## - INFORMACIÓN DE PROCESAMIENTO LOCAL
Información de procesamiento local inventariado, 2018 / dg
956 ## - LOCAL ELECTRONIC LOCATION AND ACCESS (OCLC)
Nombre de host Brenda Tavárez
Existencias
Withdrawn status Lost status Source of classification or shelving scheme Damaged status Not for loan Home library Current library Date acquired Source of acquisition Total Checkouts Full call number Barcode Date last seen Price effective from Koha item type
    Dewey Decimal Classification     Biblioteca Pública Metropolitana Salomé Ureña Biblioteca Pública Metropolitana Salomé Ureña 04/13/2016 Donación   372.7 R119d 4to. 2001 BPMSU16040412 04/13/2016 04/13/2016 Libros